| 000 | 01037nam a2200265 a 4500 | ||
|---|---|---|---|
| 001 | BRCA_289 | ||
| 005 | 20190320202940.0 | ||
| 008 | 930719s2008 sp-a---###---#000-0#spa-# | ||
| 020 | _a9788489895188 | ||
| 041 | _aspaeng | ||
| 044 | _asp | ||
| 050 | 4 |
_aND813.V4 _b.T67 2008 |
|
| 245 | 1 | 0 |
_aEn torno a Santa Rufina _bVelázquez de lo íntimo a lo cortesano _cBenito Navarrete Prieto ... [et al.]. |
| 260 |
_aSevilla _bFundación Focus-Abengoa, Centro Velázquez : Ayuntamiento de Sevilla _c2008 |
||
| 300 |
_a165 p. _bil. (algunas a color) _c26 cm. |
||
| 500 | _aIncluye lista de figuras en inglés | ||
| 500 | _aCatálogo de la exposición realizada en Sevilla, 4 marzo - 4 mayo, 2008 | ||
| 504 | _aBibliografía: p. 159-165 | ||
| 546 | _aTexto en: español e inglés | ||
| 600 | 1 | 4 |
_aVelázquez, Diego Rodríguez de Silva y _d1599-1660 _xCrítica e interpretación _9969 |
| 650 | 1 | 4 |
_aPintura _ySiglo XVII _zEspaña _9970 |
| 650 | 1 | 4 |
_aPintores españoles _ySiglo XVII _9971 |
| 700 | 1 |
_aNavarrete Prieto, Benito _9972 |
|
| 942 |
_2lcc _cB |
||
| 999 |
_c233 _d233 |
||